000
00274nam a2200109Ia 4500
008
220216s9999 xx 000 0 und d
100
_a
Evans Stephen V.
245
0
_a
Dramatic rise in area under rubber likely
260
_b
Rubber Asia
_c
2010
300
_a
41-42
942
_c
JS
999
_c
57367
_d
57367